000 00734nas a2200229 4500
001 BR9209851
003 BR-BrBNA
005 20231205093335.0
007 ta
008 230509b bl.|||p| |||| 00| 00por d
040 _aBR-BrBNA
_bpor
_cBiblioteca Nacional de Agricultura
041 _a(Pt)
072 _aL40
100 1 _aLima, C.A.R.M.A.
245 1 _aA larva da branquinha comum, Potamorhina latior (Curimatidae, Pisces)da Amazonia Central
650 _aBRANQUINHA-PEITO-DE-ACO
650 _aANATOMIA ANIMAL
650 _aREGIAO AMAZONICA
773 0 _tRevista Brasileira de Biologia (Brazil)
_xISSN 0034-7108
_g(Feb 1991), v. 51(1) p. 45-56
_wBR9209851
909 _a202311
_bLúcia
_c55
_dLúcia Elande
942 _2AGRIS
_n0
_cANA
999 _c137637
_d137637